De Munich à Vichy : L'assassinat de la Troisième République 1938-1940 (notice n° 1568345)

détails MARC
000 -LEADER
fixed length control field 01336cam a2200133 4500500
005 - DATE AND TIME OF LATEST TRANSACTION
control field 20251214004238.0
041 ## - LANGUAGE CODE
Language code of text/sound track or separate title fre
042 ## - AUTHENTICATION CODE
Authentication code dc
100 10 - MAIN ENTRY--PERSONAL NAME
Personal name Lacroix-Riz, Annie
Relator term author
245 00 - TITLE STATEMENT
Title De Munich à Vichy : L'assassinat de la Troisième République 1938-1940
260 ## - PUBLICATION, DISTRIBUTION, ETC.
Name of publisher, distributor, etc. Armand Colin,<br/>
Date of publication, distribution, etc. 2008.<br/>
520 ## - SUMMARY, ETC.
Summary, etc. 70 ans après, la blessure reste vive. Comment la France a-t-elle pu (de concert avec le Royaume-Uni) trahir à ce point ses engagements internationaux et s’engager ainsi dans la voie de l’abaissement, prélude à la capitulation ? Le caractère « sidérant » et profondément dérangeant de cet événement fait qu’aujourd’hui encore bien des zones d’ombre demeurent, bien des responsabilités ne sont que pudiquement esquissées. Annie Lacroix-Riz, redoutable investigatrice qui a fait grincer bien des dents sans que nul ne la prenne jamais en défaut, soulève le voile et nous montre combien le souci de mener la « guerre aux pauvres » a rendu attrayant aux yeux de toute une part des élites françaises le modèle intérieur allemand, avec qui il ne s’est dès lors agi que de favoriser la rencontre : de Munich à la défaite, tout est en somme « préparé pour »…
856 41 - ELECTRONIC LOCATION AND ACCESS
Uniform Resource Identifier <a href="https://shs.cairn.info/de-munich-a-vichy--9782200351113?lang=fr&redirect-ssocas=7080">https://shs.cairn.info/de-munich-a-vichy--9782200351113?lang=fr&redirect-ssocas=7080</a>

Pas d'exemplaire disponible.

PLUDOC

PLUDOC est la plateforme unique et centralisée de gestion des bibliothèques physiques et numériques de Guinée administré par le CEDUST. Elle est la plus grande base de données de ressources documentaires pour les Étudiants, Enseignants chercheurs et Chercheurs de Guinée.

Adresse

627 919 101/664 919 101

25 boulevard du commerce
Kaloum, Conakry, Guinée

Réseaux sociaux

Powered by Netsen Group @ 2025